|
|
|
|
| LEADER |
02417nam a2200661 i 4500 |
| 001 |
nkc20193132036 |
| 003 |
CZ PrNK |
| 005 |
20191115095129.0 |
| 007 |
ta |
| 008 |
190909s2019 xr ac e 000 0 cze |
| 015 |
|
|
|a cnb003132036
|
| 020 |
|
|
|a 978-80-906395-7-7
|q (brožováno)
|
| 035 |
|
|
|a (OCoLC)1130265428
|
| 040 |
|
|
|a ABA001
|b cze
|d BOA001
|e rda
|
| 043 |
|
|
|a f-tz---
|a e-xr---
|
| 045 |
|
|
|a x-y-
|
| 072 |
|
7 |
|a 913(6)
|x Geografie Afriky, reálie, cestování
|2 Konspekt
|9 7
|
| 080 |
|
|
|a 58-051
|2 MRF
|
| 080 |
|
|
|a 910.4
|2 MRF
|
| 080 |
|
|
|a 581.9
|2 MRF
|
| 080 |
|
|
|a 591.9
|2 MRF
|
| 080 |
|
|
|a 502.2
|2 MRF
|
| 080 |
|
|
|a 908(678)
|2 MRF
|
| 080 |
|
|
|a (437.3)
|2 MRF
|
| 080 |
|
|
|a (678)
|2 MRF
|
| 080 |
|
|
|a (0:82-992)
|2 MRF
|
| 100 |
1 |
|
|a Studnička, Miloslav,
|d 1949-
|7 xx0008823
|4 aut
|
| 245 |
1 |
0 |
|a Zanzibar :
|b epizody a spanilá dobrodružství /
|c Miloslav Studnička
|
| 250 |
|
|
|a Vydání první
|
| 264 |
|
1 |
|a Liberec :
|b Botanická zahrada,
|c 2019
|
| 300 |
|
|
|a 127 stran :
|b barevné ilustrace, portréty ;
|c 22 cm
|
| 336 |
|
|
|a text
|b txt
|2 rdacontent
|
| 336 |
|
|
|a statický obraz
|b sti
|2 rdacontent
|
| 337 |
|
|
|a bez média
|b n
|2 rdamedia
|
| 338 |
|
|
|a svazek
|b nc
|2 rdacarrier
|
| 504 |
|
|
|a Obsahuje bibliografické odkazy
|
| 600 |
1 |
7 |
|a Studnička, Miloslav,
|d 1949-
|7 xx0008823
|2 czenas
|
| 648 |
|
7 |
|a 20.-21. století
|7 ch462155
|2 czenas
|
| 650 |
0 |
7 |
|a botanici
|7 ph118966
|z Česko
|y 20.-21. století
|2 czenas
|
| 650 |
0 |
7 |
|a cesty a pobyt
|7 ph137578
|z Tanzanie
|2 czenas
|
| 650 |
0 |
7 |
|a flóra
|7 ph114559
|z Tanzanie
|2 czenas
|
| 650 |
0 |
7 |
|a fauna
|7 ph114529
|z Tanzanie
|2 czenas
|
| 650 |
0 |
9 |
|a botanics
|z Czechia
|y 20th-21st centuries
|2 eczenas
|
| 650 |
0 |
9 |
|a voyages and travels
|z Tanzania
|2 eczenas
|
| 650 |
0 |
9 |
|a flora
|z Tanzania
|2 eczenas
|
| 650 |
0 |
9 |
|a fauna
|z Tanzania
|2 eczenas
|
| 651 |
|
7 |
|a Zanzibar (Tanzanie : ostrov)
|7 ge160052
|x vlastivěda
|2 czenas
|
| 651 |
|
7 |
|a Zanzibar (Tanzanie : ostrov)
|7 ge160052
|x přírodní poměry
|2 czenas
|
| 651 |
|
9 |
|a Zanzibar Island (Tanzania)
|x description and travel
|2 eczenas
|
| 651 |
|
9 |
|a Zanzibar Island (Tanzania)
|x natural conditions
|2 eczenas
|
| 655 |
|
7 |
|a cestopisy
|7 fd131956
|2 czenas
|
| 655 |
|
9 |
|a books of travels
|2 eczenas
|
| 910 |
2 |
|
|a BOA001
|b 2-1434.382
|
| 928 |
9 |
|
|a Botanická zahrada Liberec
|
| 990 |
|
|
|a BK
|
| 995 |
|
|
|a 01
|
| 991 |
|
|
|b 201910
|c NOV
|
| 996 |
6 |
|
|b 2610799557
|c 2-1434.382
|l MZK
|r Sklad / do 1 hodiny
|n 0
|p p.v.
|w 001761112
|u 000010
|a 1
|e BOA001
|j MZK50
|s P
|